LEADER 00904nam0-2200337---450- 001 990009772270403321 005 20131010121126.0 010 $a978-88-6008-173-5 035 $a000977227 035 $aFED01000977227 035 $a(Aleph)000977227FED01 035 $a000977227 100 $a20131010d2007----km-y0itay50------ba 101 0 $aita 102 $aIT 105 $ay-------001yy 200 1 $aPensieri materiali$ecorpo, mente e causalità$fSimone Gozzano 210 $aTorino$cUTET Università$d2007 215 $aXI, 234 p.$d21 cm 610 0 $aCausalità 610 0 $aMente e corpo 676 $a122 676 $a128.2 700 1$aGozzano,$bSimone$0141848 801 0$aIT$bUNINA$gRICA$2UNIMARC 901 $aBK 912 $a990009772270403321 952 $aP.1 FG 2567$b63341 bibl.$fFLFBC 959 $aFLFBC 996 $aPensieri materiali$9832107 997 $aUNINA LEADER 00857nam0-22002891i-450- 001 990005599930403321 005 20060410163303.0 035 $a000559993 035 $aFED01000559993 035 $a(Aleph)000559993FED01 035 $a000559993 100 $a19990604d1961----km-y0itay50------ba 101 0 $aita 105 $af-------00--- 200 1 $a<>finestre a sporto nella architettura alpina$fMario Cereghini 210 $aMilano$cEd. Del Milione$d(stampa 1961) 215 $a79 p., 201 tav.$d24 cm 225 1 $a<>Dittamondo$v5 676 $a721.823$v21$zita 700 1$aCereghini,$bMario$03157 801 0$aIT$bUNINA$gRICA$2UNIMARC 901 $aBK 912 $a990005599930403321 952 $a721.823 CER 1$bST. ARTE 5757$fFLFBC 959 $aFLFBC 996 $aFinestre a sporto nella architettura alpina$9609223 997 $aUNINA LEADER 00852nam0-22002771i-450- 001 990004239150403321 005 19990530 010 $a2-222-00903-0 035 $a000423915 035 $aFED01000423915 035 $a(Aleph)000423915FED01 035 $a000423915 100 $a19990530d1983----km-y0itay50------ba 101 0 $afre 105 $aa-------00-y- 200 1 $aEsthètique gènérale du décor de théâtre$ede 1870 a 1914$fDenis Bablet 210 $aParis$cÉditions du Centre National de la Recherche Scientifique$d1983 215 $aXVIII, 443 p.$c179 ill.$d23 cm 700 1$aBablet,$bDenis$0156977 801 0$aIT$bUNINA$gRICA$2UNIMARC 901 $aBK 912 $a990004239150403321 952 $aSP. T 26$bDip.f.m.3182$fFLFBC 959 $aFLFBC 996 $aEsthétique générale du décor de théâtre$9478982 997 $aUNINA LEADER 00905nam0-2200301---450- 001 990008484250403321 005 20070718113750.0 010 $a3-482-52101-8 035 $a000848425 035 $aFED01000848425 035 $a(Aleph)000848425FED01 035 $a000848425 100 $a20070314d2002----km-y0itay50------ba 101 0 $ager 102 $aDE 105 $a--------001yy 200 1 $aMittelbare Schenkung im Erbschaft- und Schenkungsteuerrecht$fvon Matthias Söffing 210 $aHerne ; Berlin$cVerlag Neue Wirtschafts-Briefe$d2002 215 $aXXIII, 174 p.$d21 cm 676 $a346.4305$v21$zita 700 1$aSöffing,$bMatthias$0427975 801 0$aIT$bUNINA$gRICA$2UNIMARC 901 $aBK 912 $a990008484250403321 952 $aVIII D 166$b46696*$fFGBC 959 $aFGBC 996 $aMittelbare Schenkung im Erbschaft- und Schenkungsteuerrecht$9730529 997 $aUNINA